Metalcore Band Logos - Statistics

General Stats
  • This quiz has been taken 91 times
  • The average score is 10 of 16
Answer Stats
Picture Answer % Correct
Whitechapel
98%
The Devil Wears Prada
92%
Chelsea Grin
91%
Suicide Silence
91%
Rings of Saturn
89%
Texas In July
83%
Winds of Plague
82%
Carnifex
71%
Lorna Shore
68%
Job For A Cowboy
64%
To The Grave
44%
Acrania
33%
Vulvodynia
29%
Oceano
27%
I Declare War
21%
The Antikythera Mechanism
21%
No matching quizzes found
Score Distribution
Percent of People with Each Score
Percentile by Number Answered
Your Score History
You have not taken this quiz